Top 25 Gucci Mane Songs - Statistics

General Stats
  • This quiz has been taken 14 times
  • The average score is 4 of 25
Answer Stats
# Song Album/Mixtape Year % Correct
4 Lemonade The State vs. Radric Davis 2009
64%
19 Both The Return of East Atlanta Santa 2016
45%
2 Icy Trap House 2005
45%
3 First Day Out Tha Feds Everybody Looking 2016
36%
11 Freaky Gurl Hard to Kill 2006
36%
7 Pussy Print Everybody Looking 2016
27%
1 Wasted The State vs. Radric Davis 2009
27%
25 Beat It Up Burrprint 2 2010
18%
23 Bling Blaww Burr Woptober 2016
18%
12 Atlanta Zoo Burrprint 2 2010
9%
21 Bricks The State vs. Radric Davis 2009
9%
13 Everybody Looking Burrprint 2 2010
9%
9 I Might Be Back to the Trap House 2007
9%
6 Spotlight The State vs. Radric Davis 2010
9%
8 St. Brick Intro The Return of East Atlanta Santa 2016
9%
10 Trap House 3 Trap House III 2013
9%
16 Worst Enemy The State vs. Radric Davis 2009
9%
22 Coca Coca Burrprint 2010
0%
24 Dope Boys The Burrprint (The Movie 3D) 2009
0%
15 Frowny Face The Burrprint (The Movie 3D) 2009
0%
5 Haterade The Appeal: Georgia's Most Wanted 2010
0%
17 I'm A Star The Movie 2008
0%
14 I Think I Love Her Wilt Chamberlain 2015
0%
20 Pablo The Block Brochure: Welcome to the Soil 6 2013
0%
18 Timothy The Cold War: Part 2 (Great Brritain) 2009
0%
No matching quizzes found
Score Distribution
Percent of People with Each Score
Percentile by Number Answered
Your Score History
You have not taken this quiz